书目信息 |
| 题名: |
人气玫瑰月季盆栽入门
|
|
| 作者: | 木村卓功 著 ;陶旭 译 | |
| 分册: | ||
| 出版信息: | 武汉 湖北科学技术出版社 2016.04 |
|
| 页数: | 121页 | |
| 开本: | 26cm | |
| 丛书名: | ||
| 单 册: | ||
| 中图分类: | S685.12 | |
| 科图分类: | ||
| 主题词: | 玫瑰花--mei gui hua--盆栽--观赏园艺 | |
| 电子资源: | ||
| ISBN: | 978-7-5352-8244-6 | |
| 000 | 01157nam0 2200265 450 | |
| 001 | 0106081924 | |
| 005 | 20201106082048.0 | |
| 010 | @a978-7-5352-8244-6@dCNY48.00 | |
| 100 | @a20160520e20192016em y0chiy50 ea | |
| 101 | 1 | @achi@cjpn |
| 102 | @aCN@b420000 | |
| 105 | @aa z 000yy | |
| 106 | @ar | |
| 200 | 1 | @a人气玫瑰月季盆栽入门@Aren qi mei gui yue ji pen zai ru men@dHow to grow and care for potted roses@zeng@f木村卓功著@g陶旭译 |
| 210 | @a武汉@c湖北科学技术出版社@d2016.04@h2019.07 | |
| 215 | @a121页@c彩图@d26cm | |
| 300 | @a绿手指玫瑰大师系列 | |
| 330 | @a本书由日本著名育种大师木村卓功所编写的针对初级爱好者的玫瑰月季种养心得。书中深入浅出地提出了独有的分类方法。按照玫瑰月季的栽培难易度分为4类,无论是栽培老手还是新手,都能轻松种出适合自己的玫瑰。另一方面,木村老师在书中也从玫瑰的历史到育种经验,从种植方法到培育要诀全面教会初学者一步步称为阳台中养高手。 | |
| 510 | 1 | @aHow to grow and care for potted roses@zeng |
| 606 | 0 | @a玫瑰花@Amei gui hua@x盆栽@x观赏园艺 |
| 690 | @aS685.12@v5 | |
| 701 | 0 | @a木村卓功@Amu cun zhuo gong@4著 |
| 702 | 0 | @a陶旭@Atao xu@4译 |
| 801 | 0 | @aCN@bBJSZM@c20201106 |
| 905 | @b1194840-3@dS685.12@e623@f4 | |
| 人气玫瑰月季盆栽入门=How to grow and care for potted roses/木村卓功著/陶旭译.-武汉:湖北科学技术出版社,2016.04(2019.07) |
| 121页:彩图;26cm |
| 绿手指玫瑰大师系列 |
| ISBN 978-7-5352-8244-6:CNY48.00 |
| 本书由日本著名育种大师木村卓功所编写的针对初级爱好者的玫瑰月季种养心得。书中深入浅出地提出了独有的分类方法。按照玫瑰月季的栽培难易度分为4类,无论是栽培老手还是新手,都能轻松种出适合自己的玫瑰。另一方面,木村老师在书中也从玫瑰的历史到育种经验,从种植方法到培育要诀全面教会初学者一步步称为阳台中养高手。 |
| ● |
| 相关链接 |
|
|
|
|
正题名:人气玫瑰月季盆栽入门
索取号:S685.12/623
 
预约/预借
| 序号 | 登录号 | 条形码 | 馆藏地/架位号 | 状态 | 备注 |
| 1 | 1194840 | 211948400 | 第二样本阅览室/ [索取号:S685.12/623] | 在馆 | |
| 2 | 1194841 | 211948419 | 第三借阅区/ [索取号:S685.12/623] | 在馆 | |
| 3 | 1194842 | 211948428 | 第三借阅区/ [索取号:S685.12/623] | 在馆 | |
| 4 | 1194843 | 211948437 | 第三借阅区/ [索取号:S685.12/623] | 在馆 |